00761 2200313 4500001002100000005001500021035002000036007000300056008004100059020002200100082001000122084001700132100002400149245004500173260004400218300002200262650002500284520002500309990001200334990001200346990001100358990001200369990001100381990001100392990001100403990001100414990001100425990001100436INLIS00000000000207320180716104155 a0010-0718000025ta180716 g 0 ind  a978-602-02-7783-7 a153.8 a153.8 QOW n0 aQOWI, Alta Az Zahra1 aNamamu dalam Doaku /cQowi Alta Az Zahra aJakarta :bElex Media Komputindo,c2015 a68 hlm. ;c19 cm. aMOTIVASI (PSIKOLOGI) abibliografi: hlm. 68 a16596 a a16596 b a16596b a16596 a a16596a a16596b a16596a a16596b a16596b a16596a